00572 a2200169 45000010006000000050017000060080041000230030015000640400040000790800035001192450037001542640028001913000019002195050119002381000022003577000023003795959620260407155850.0260407a1964 arg spa dAR-UNSa-BCEJYS aAR-UNSa-BCEJYSbspacAR-UNSa-BCEJYS a330.34xDesarrollo Económico10aCiencia y desarrollo económico 1aMadrid :bAguilarc1964 a301 p.c21 cm. a1. La situación actual del mundo – 2. Nuevos alimentos – 3. Nuevos combustibles – 4. Nuevas normas de vida1 aMeier, Richard L.1 aGobernado, Antonio